000 00760cam a2200265 a 4500
001 000009414
003 UkOxU
005 20250128171937.0
008 010710s1994 sp 001 0 spa d
020 _a842061338X
040 _aDO-SdBNP
_bspa
_cLC
_dBNPHU
082 _aA864.44
_bB732h, 1994
100 1 _aBorges, Jorge Luis,
_d1899-1986
_94173
245 1 0 _aHistoria de la eternidad /
_cJorge Luis Borges.
250 _a9a ed.
260 _aMadrid :
_bAlianza,
_c1994.
300 _a159 p. ;
_c18 cm.
490 1 _aLibro de bolsillo
490 1 _aLiteratura
650 4 _aEnsayos argentinos
_910689
650 4 _aLiteratura argentina
_93860
830 0 _aLibro de bolsillo ;
_pLiteratura
_99889
910 _aCatalogación por copia / LC
049 _aBNGR
999 _c9174
_d9174